header

Intergovernmental fiscal relations in Central and Eastern Europe (Record no. 50129)

MARC details
000 -LEADER
fixed length control field 01517nam a2200337Ia 4500
082 04 - DEWEY DECIMAL CLASSIFICATION NUMBER
Classification number 336.1/85/0943
100 1# - MAIN ENTRY--AUTHOR NAME
Personal name Conway, Francis J.,
245 10 - TITLE STATEMENT
Title Intergovernmental fiscal relations in Central and Eastern Europe
260 ## - PUBLICATION, DISTRIBUTION, ETC. (IMPRINT)
Place of publication Washington, DC :
Name of publisher World Bank,
Year of publication 2004.
300 ## - PHYSICAL DESCRIPTION
Number of Pages v, 128 p.
490 1# - SERIES STATEMENT
Series statement WBI learning resources series
650 #0 - SUBJECT ADDED ENTRY--TOPICAL TERM
Topical Term Intergovernmental fiscal relations
Topical Term Intergovernmental fiscal relations
700 1# - ADDED ENTRY--PERSONAL NAME
Personal name Desilets, Brien E.,
Personal name Epstein, Peter B.,
856 40 - ELECTRONIC LOCATION AND ACCESS
Uniform Resource Identifier http://site.ebrary.com/lib/rucke/Doc?id=10085114

No items available.

© 2026 Rongo University
Contact us: librarian | system librarian | Rongo university